Ľudovít Štúr und Russland

Bibliographic Details
Main Author: Matula, Vladimír, 1928-2011 (Author)
Format: Book
Language:German
Slovak
PhysicalDescription:S. 29-58 24 cm
Published: Wiesbaden Otto Harrassowitz 1967
Subjects:

MARC

LEADER 00000nam a22000005a 4500
001 vtls010310770
003 SK-MaSNL
005 20260302011917.0
008 240318s1967 gw 000 0dger
015 |a SNBZSA2012-00734 
020 |q (brož.) 
040 |a SNK  |b slo  |c SNK  |e AACR2 
041 1 |a ger  |h slo 
043 |a e------  |a e-xo---  |a e-ru--- 
044 |a gw  |c DE 
072 7 |a 94(4)  |x Dejiny Európy  |2 snkph 
072 7 |a 327  |x Medzinárodné vzťahy, svetová politika  |2 snkph 
080 |a 94(437.6)  |2 2001 
080 |a 94(=16)  |2 2001 
080 |a 327.39(=16)(4)  |2 2001 
080 |a 929 Štúr, Ľudovít  |2 2001 
100 1 |a Matula, Vladimír,  |d 1928-2011  |4 aut  |9 103212 
245 1 0 |a Ľudovít Štúr und Russland  |c Vladimír Matula 
260 |a Wiesbaden  |b Otto Harrassowitz  |c 1967 
300 |a S. 29-58  |c 24 cm 
500 |a Sep. odt. z: Jahrbücher für Geschichte Osteuropas. Neue Folge. Bd. 15, Jahrgang 1967, H. 1 / März 1967 
504 |a Bibliogr. odkazy 
600 1 7 |a Štúr, Ľudovít,  |d 1815-1856  |t Slovanstvo a svet budúcnosti  |2 snkph  |9 91286 
650 0 7 |a panslavizmus  |2 SNKPH  |9 4798 
650 0 7 |a slovensko-ruské vzťahy  |y 19. stor.  |2 SNKPH  |9 482295 
650 0 7 |a Slovania  |x dejiny  |2 SNKPH  |9 266119 
651 7 |a Rusko  |2 SNKPH  |9 17250 
655 7 |a štúdie  |2 SNKPH  |9 57033 
740 0 2 |a Das Slawenthum und die Welt der Zukunft 
958 |a ZS 
958 |a BX 
958 |a RU 
958 |a NB 
958 |a SS 
958 |a OND 
999 |c 1007812  |d 1009742 
952 |a SNK  |b SNK  |y PREZ  |7 0  |p 17A0717568  |o snkSC 146757  |i snk2011/18954  |8 3  |g 0.30  |0 0  |1 0  |4 0  |d 2011-09-13  |l 0  |r 2025-07-15 00:00:00  |w 2026-02-24